[Event "Sunway Formentera op 3rd"]
[Site "Sant Ferran de ses Roques"]
[Date "2024.04.19"]
[Round "10"]
[White "Tsatsalashvili, Ketevan"]
[Black "Mazet, Julien"]
[Result "1/2-1/2"]
[WhiteElo "2315"]
[BlackElo "2031"]
[PlyCount "86"]
[EventDate "2024.04.09"]
[EventType "swiss"]
[EventRounds "10"]
[EventCountry "ESP"]
[SourceTitle "CB17_2024"]
[SourceDate "2024.04.24"]
[SourceVersion "1"]
[SourceVersionDate "2024.04.24"]
[SourceQuality "1"]

1. Nf3 d6 2. d4 Nf6 3. c4 Bg4 4. g3 Nbd7 5. Bg2 c6 6. Nc3 e5 7. 0-0 Be7 8. h3 Bh5 9. Nh4 Bg6 10. e4 0-0 11. Nf5 Bxf5 12. exf5 Qb6 13. dxe5 dxe5 14. Qe2 Qc7 15. Be3 Bc5 16. Rad1 a5 17. g4 h6 18. h4 Bxe3 19. fxe3 Nh7 20. Ne4 Ndf6 21. Nf2 e4 22. Nh1 Rad8 23. Bh3 Rxd1 24. Rxd1 Rd8 25. Kg2 Qe7 26. Rxd8+ Qxd8 27. Qc2 Nd7 28. Qxe4 Qxh4 29. Nf2 Qf6 30. Qd4 Qe7 31. Kf1 Ng5 32. Bg2 Ne5 33. c5 Kf8 34. Ke2 f6 35. Qc3 Qc7 36. Qd4 Ke8 37. b3 Qf7 38. Qd6 Qe7 39. Qd4 Qc7 40. Qf4 Qe7 41. Qd4 Qc7 42. Qf4 Qe7 43. Qd4 Qc7 1/2-1/2

[Event "Vojvodina-ch 6th"]
[Site "Novi Sad"]
[Date "2015.07.31"]
[Round "9"]
[White "Mazet, Julien"]
[Black "Marholev, Dimitar"]
[Result "1/2-1/2"]
[WhiteElo "2139"]
[BlackElo "2317"]
[PlyCount "119"]
[EventDate "2015.07.25"]
[EventType "swiss"]
[EventRounds "9"]
[EventCountry "YUG"]
[SourceTitle "EXT 2017"]
[Source "ChessBase"]
[SourceDate "2016.10.25"]
[SourceVersion "1"]
[SourceVersionDate "2016.10.25"]
[SourceQuality "1"]

1. d4 d6 2. e4 Nf6 3. Nc3 g6 4. Nf3 Bg7 5. Be2 0-0 6. 0-0 a6 7. a4 Nc6 8. h3 e5 9. dxe5 Nxe5 10. Nxe5 dxe5 11. Qxd8 Rxd8 12. Bc4 Rd4 13. Bd3 Be6 14. Be3 Rd7 15. a5 Nh5 16. Na4 Bf8 17. Bc5 Bd6 18. Bxd6 Rxd6 19. Nc5 Rc6 20. Nxe6 Rxe6 21. g3 Nf6 22. Rad1 Rd8 23. f3 Red6 24. Kf2 Kf8 25. Be2 Ke7 26. Rxd6 Rxd6 27. Ke3 Nh5 28. Rg1 g5 29. c3 Rc6 30. Kd2 Rh6 31. Ke3 Ng7 32. Rh1 f5 33. exf5 Nxf5+ 34. Kf2 c5 35. Bd3 Nd6 36. Ke3 Ke6 37. Be4 Nc4+ 38. Kf2 Nxa5 39. Ra1 Nc6 40. Bxc6 bxc6 41. Kg2 Kf5 42. Rxa6 Rd6 43. Kf2 e4 44. fxe4+ Kxe4 45. Ke2 Kd5 46. Ra4 c4 47. Ra5+ c5 48. Rb5 Kc6 49. Rb8 Rd3 50. Kf2 h5 51. Rg8 Rd2+ 52. Ke1 Rh2 53. Rxg5 Rxh3 54. Kd1 Rh2 55. Kc1 Kd6 56. Kb1 Rh1+ 57. Kc2 Kc6 58. Rg6+ Kb5 59. Rg8 Rh2+ 60. Kb1 1/2-1/2

[Event "Vojvodina-ch 6th"]
[Site "Novi Sad"]
[Date "2015.07.29"]
[Round "7"]
[White "Deze, Vladimir"]
[Black "Mazet, Julien"]
[Result "1/2-1/2"]
[WhiteElo "2215"]
[BlackElo "2139"]
[PlyCount "22"]
[EventDate "2015.07.25"]
[EventType "swiss"]
[EventRounds "9"]
[EventCountry "YUG"]
[SourceTitle "EXT 2017"]
[Source "ChessBase"]
[SourceDate "2016.10.25"]
[SourceVersion "1"]
[SourceVersionDate "2016.10.25"]
[SourceQuality "1"]

1. d4 Nf6 2. c4 g6 3. Nc3 d5 4. Nf3 Bg7 5. e3 0-0 6. Qb3 c6 7. Bd2 e6 8. Be2 Nbd7 9. 0-0 b6 10. Rfd1 Bb7 11. Rac1 Qe7 1/2-1/2

[Event "Vojvodina-ch 6th"]
[Site "Novi Sad"]
[Date "2015.07.27"]
[Round "5"]
[White "Stojanovic, Andjelija"]
[Black "Mazet, Julien"]
[Result "1-0"]
[WhiteElo "2313"]
[BlackElo "2139"]
[PlyCount "41"]
[EventDate "2015.07.25"]
[EventType "swiss"]
[EventRounds "9"]
[EventCountry "YUG"]
[SourceTitle "CBM 167 Extra"]
[Source "ChessBase"]
[SourceDate "2015.09.14"]
[SourceVersion "1"]
[SourceVersionDate "2015.09.14"]
[SourceQuality "1"]

1. e4 d6 2. d4 Nf6 3. Nc3 e5 4. Nf3 Nbd7 5. g4 g6 6. g5 Nh5 7. Be3 Bg7 8. dxe5 dxe5 9. Qd2 0-0 10. 0-0-0 Nf4 11. Nxe5 Bxe5 12. Bxf4 Bxf4 13. Qxf4 c6 14. h4 Qe7 15. Qc7 Qe8 16. h5 Ne5 17. hxg6 hxg6 18. Rd8 Qxd8 19. Qxe5 f6 20. Bc4+ Kg7 21. Rh7+ 1-0

[Event "Vojvodina-ch 6th"]
[Site "Novi Sad"]
[Date "2015.07.26"]
[Round "3"]
[White "Marjanusic, Vladimir"]
[Black "Mazet, Julien"]
[Result "1/2-1/2"]
[WhiteElo "2250"]
[BlackElo "2139"]
[PlyCount "45"]
[EventDate "2015.07.25"]
[EventType "swiss"]
[EventRounds "9"]
[EventCountry "YUG"]
[SourceTitle "CBM 167 Extra"]
[Source "ChessBase"]
[SourceDate "2015.09.14"]
[SourceVersion "1"]
[SourceVersionDate "2015.09.14"]
[SourceQuality "1"]

1. e4 d6 2. d4 Nf6 3. Nc3 e5 4. Nf3 Nbd7 5. g4 g6 6. g5 Nh5 7. Be3 Bg7 8. Qd2 0-0 9. 0-0-0 c6 10. dxe5 dxe5 11. Be2 Qc7 12. Nh4 Nf4 13. Nf5 gxf5 14. exf5 Nb6 15. Bxf4 Bxf5 16. Bg3 Nd5 17. Bd3 Bxd3 18. Qxd3 Nxc3 19. Qxc3 Qe7 20. Qe3 Rad8 21. h4 a5 22. Rhe1 Qe6 23. Qb3 1/2-1/2

[Event "SRB Central-ch op-A 7th"]
[Site "Paracin"]
[Date "2014.07.05"]
[Round "2"]
[White "Strebkovs, Andrejs"]
[Black "Mazet, Julien"]
[Result "1-0"]
[WhiteElo "2357"]
[BlackElo "2083"]
[PlyCount "73"]
[EventDate "2014.07.04"]
[EventType "swiss"]
[EventRounds "9"]
[EventCountry "SRB"]
[SourceTitle "CBM 161 Extra"]
[Source "ChessBase"]
[SourceDate "2014.08.29"]
[SourceVersion "1"]
[SourceVersionDate "2014.08.29"]
[SourceQuality "1"]

1. c4 e6 2. Nf3 d5 3. g3 Nf6 4. Bg2 Be7 5. 0-0 0-0 6. d4 c5 7. dxc5 dxc4 8. Qc2 Qa5 9. Qxc4 Qxc5 10. Qb3 Nc6 11. Be3 Qb4 12. Qc2 e5 13. a3 Qg4 14. Nc3 Be6 15. b4 Rac8 16. Qb2 a6 17. Na4 Nd7 18. Rad1 a5 19. h3 Qc4 20. Rxd7 Bxd7 21. Nb6 Qe6 22. b5 Nb8 23. Nxc8 Rxc8 24. Nxe5 Bxa3 25. Qxa3 Qxe5 26. Bxb7 Re8 27. b6 Bxh3 28. Ra1 Bg4 29. Qxa5 Qf6 30. Ra2 Nd7 31. Qb4 h5 32. Be4 h4 33. gxh4 Be6 34. Rb2 Qxh4 35. b7 Qd8 36. Qd6 Qa5 37. b8Q 1-0

[Event "SRB Central-ch op-A 7th"]
[Site "Paracin"]
[Date "2014.07.04"]
[Round "1"]
[White "Mazet, Julien"]
[Black "Andrijevic, Milan"]
[Result "1/2-1/2"]
[WhiteElo "2083"]
[BlackElo "2336"]
[PlyCount "59"]
[EventDate "2014.07.04"]
[EventType "swiss"]
[EventRounds "9"]
[EventCountry "SRB"]
[SourceTitle "CBM 161 Extra"]
[Source "ChessBase"]
[SourceDate "2014.08.29"]
[SourceVersion "1"]
[SourceVersionDate "2014.08.29"]
[SourceQuality "1"]

1. d4 d5 2. Nf3 Nf6 3. c4 e6 4. cxd5 exd5 5. Nc3 Be7 6. Bg5 0-0 7. Qc2 c6 8. e3 Nbd7 9. Bd3 Re8 10. 0-0 Nf8 11. h3 Be6 12. Rab1 N6d7 13. Bxe7 Qxe7 14. b4 Rac8 15. Rfc1 Qf6 16. Qd1 Ng6 17. b5 c5 18. dxc5 Rxc5 19. Nd4 Qe7 20. Bxg6 hxg6 21. Nb3 Rcc8 22. Nxd5 Qg5 23. Rxc8 Rxc8 24. Nf4 Nf8 25. Nxe6 Nxe6 26. Nd4 Rd8 27. Qa4 Rxd4 28. exd4 Nf4 29. g3 Nxh3+ 30. Kg2 1/2-1/2

[Event "Plancoet op-A 10th"]
[Site "Plancoet"]
[Date "2013.07.30"]
[Round "4"]
[White "Mazet, Julien"]
[Black "Terrieux, Kevin"]
[Result "0-1"]
[WhiteElo "2217"]
[BlackElo "2422"]
[PlyCount "54"]
[EventDate "2013.07.28"]
[EventType "swiss"]
[EventRounds "9"]
[EventCountry "FRA"]
[SourceTitle "EXT 2017"]
[Source "ChessBase"]
[SourceDate "2016.10.25"]
[SourceVersion "1"]
[SourceVersionDate "2016.10.25"]
[SourceQuality "1"]

1. d4 Nf6 2. Nf3 g6 3. c4 c5 4. Nc3 cxd4 5. Nxd4 Bg7 6. e4 d6 7. Be2 Nc6 8. Be3 0-0 9. 0-0 Bd7 10. Rc1 Nxd4 11. Bxd4 Bc6 12. f3 Nd7 13. Bxg7 Kxg7 14. Qd4+ Kg8 15. Rfd1 a5 16. b3 Qb8 17. Bf1 Nc5 18. Qf2 e5 19. Rd2 Qc7 20. Rcd1 Rad8 21. Kh1 f5 22. exf5 Rxf5 23. Qe3 Rdf8 24. Bd3 Rxf3 25. Qe2 Nxd3 26. Rxd3 Rf2 27. Qe1 Bxg2+ 0-1

[Event "Trieste op 14th"]
[Site "Trieste"]
[Date "2012.09.08"]
[Round "9"]
[White "Mazet, Julien"]
[Black "Laco, Giuseppe"]
[Result "1-0"]
[WhiteElo "2128"]
[BlackElo "2085"]
[PlyCount "75"]
[EventDate "2012.09.01"]
[EventType "swiss"]
[EventRounds "9"]
[EventCountry "ITA"]
[SourceTitle "CBM 150 Extra"]
[Source "ChessBase"]
[SourceDate "2012.10.19"]
[SourceVersion "1"]
[SourceVersionDate "2012.10.19"]
[SourceQuality "1"]

1. d4 f5 2. g3 Nf6 3. Bg2 c6 4. Nf3 g6 5. 0-0 Bg7 6. c4 d6 7. Nc3 0-0 8. d5 e5 9. dxe6 Bxe6 10. Qd3 Qe7 11. Bf4 Rd8 12. Rad1 Bf8 13. e4 Na6 14. exf5 Bxf5 15. Qd4 Nc5 16. Rfe1 Ne6 17. Qd2 Qg7 18. Nd4 Nxd4 19. Qxd4 g5 20. Be3 h6 21. h3 Rd7 22. g4 Bg6 23. f4 Bf7 24. fxg5 hxg5 25. b3 Re8 26. Qd2 Rde7 27. Bxa7 Rxe1+ 28. Rxe1 Rxe1+ 29. Qxe1 Nxg4 30. hxg4 c5 31. Qd2 Qe5 32. Bb8 Bg7 33. Bxd6 Qxc3 34. Qxc3 Bxc3 35. Bxc5 Be6 36. Bxb7 Bxg4 37. b4 Kf7 38. a4 1-0

[Event "Trieste op 14th"]
[Site "Trieste"]
[Date "2012.09.07"]
[Round "8"]
[White "Plenca, Jadranko"]
[Black "Mazet, Julien"]
[Result "1/2-1/2"]
[WhiteElo "2049"]
[BlackElo "2128"]
[PlyCount "40"]
[EventDate "2012.09.01"]
[EventType "swiss"]
[EventRounds "9"]
[EventCountry "ITA"]
[SourceTitle "CBM 150 Extra"]
[Source "ChessBase"]
[SourceDate "2012.10.19"]
[SourceVersion "1"]
[SourceVersionDate "2012.10.19"]
[SourceQuality "1"]

1. e4 c5 2. Nf3 Nc6 3. c3 d5 4. exd5 Qxd5 5. d4 Bg4 6. Be2 cxd4 7. cxd4 e6 8. 0-0 Nf6 9. Nc3 Qa5 10. Be3 Be7 11. h3 Bh5 12. Nd2 Bxe2 13. Qxe2 0-0 14. a3 Rac8 15. b4 Qd8 16. Qd3 a6 17. Rac1 Ne5 18. Qe2 Ned7 19. Nb3 Nb6 20. Nc5 Bxc5 1/2-1/2

[Event "Trieste op 14th"]
[Site "Trieste"]
[Date "2012.09.02"]
[Round "3"]
[White "Mazet, Julien"]
[Black "Plenca, Julian"]
[Result "1/2-1/2"]
[WhiteElo "2128"]
[BlackElo "2336"]
[PlyCount "122"]
[EventDate "2012.09.01"]
[EventType "swiss"]
[EventRounds "9"]
[EventCountry "ITA"]
[SourceTitle "CBM 150 Extra"]
[Source "ChessBase"]
[SourceDate "2012.10.19"]
[SourceVersion "1"]
[SourceVersionDate "2012.10.19"]
[SourceQuality "1"]

1. d4 Nf6 2. Nf3 g6 3. c4 Bg7 4. Nc3 d5 5. cxd5 Nxd5 6. e4 Nxc3 7. bxc3 c5 8. Be3 0-0 9. Qd2 Qa5 10. Rc1 Rd8 11. d5 e6 12. Be2 exd5 13. exd5 Bg4 14. 0-0 Nd7 15. c4 Qxd2 16. Bxd2 Re8 17. Rfe1 Nb6 18. h3 Bf5 19. Bc3 Nc8 20. Bxg7 Kxg7 21. Bd3 Rxe1+ 22. Nxe1 Bd7 23. Nf3 Nd6 24. Re1 Re8 25. Rxe8 Bxe8 26. Kf1 a6 27. Ke2 b5 28. Nd2 f5 29. f4 Kf6 30. Ke3 Bf7 31. Be2 Ke7 32. g3 bxc4 33. Nxc4 Bxd5 34. Nxd6 Kxd6 35. Bxa6 Bxa2 36. Kd3 Bb1+ 37. Kc3 Be4 38. Bc4 Bd5 39. Bf1 Ke7 40. h4 Kf6 41. Be2 Kg7 42. Bd1 Kf6 43. Be2 h6 44. Bd1 g5 45. hxg5+ hxg5 46. Be2 Kg6 47. Bd1 Kh6 48. Be2 Bf7 49. Bd1 Bd5 50. Be2 Bb7 51. Bd1 Ba6 52. Bc2 Kg6 53. Bd1 Bf1 54. Bf3 Kf6 55. Bd1 c4 56. Kd4 Bd3 57. Bf3 Kg6 58. Bd1 Kh6 59. Bf3 Bf1 60. Bd1 Kg6 61. Bf3 Bd3 1/2-1/2

[Event "Montpellier op 4th"]
[Site "Montpellier"]
[Date "2009.??.??"]
[Round "8"]
[White "Carre, Sylvain"]
[Black "Mazet, Julien"]
[Result "1/2-1/2"]
[WhiteElo "2069"]
[BlackElo "2231"]
[PlyCount "84"]
[EventDate "2009.12.26"]
[EventType "swiss"]
[EventRounds "9"]
[EventCountry "FRA"]
[SourceTitle "CBM 134 Extra"]
[Source "ChessBase"]
[SourceDate "2010.03.03"]
[SourceVersion "1"]
[SourceVersionDate "2010.03.03"]
[SourceQuality "1"]

1. d4 Nf6 2. Nf3 g6 3. Bf4 Bg7 4. e3 0-0 5. Be2 d5 6. 0-0 b6 7. Nbd2 Bb7 8. h3 Nbd7 9. c4 e6 10. Rc1 c6 11. Ne5 Nxe5 12. Bxe5 Qe7 13. c5 Ne8 14. Bxg7 Nxg7 15. f4 f6 16. Nf3 Nf5 17. Qd2 Nh6 18. b4 b5 19. a4 a6 20. axb5 axb5 21. Ra1 Rfb8 22. Qc3 Nf7 23. Bd3 Qe8 24. h4 Rxa1 25. Rxa1 Ra8 26. h5 gxh5 27. Rxa8 Qxa8 28. Qc2 Kg7 29. Bxh7 f5 30. Bxf5 exf5 31. Qxf5 Qc8 32. Qxh5 Qe6 33. Kf2 Bc8 34. Ng5 Nxg5 35. Qxg5+ Kf7 36. Qh5+ Ke7 37. Qh7+ Kd8 38. Qh8+ Kc7 39. Qg7+ Bd7 40. Qe5+ Kd8 41. Qxe6 Bxe6 42. Kf3 Ke7 1/2-1/2

[Event "Montpellier op 4th"]
[Site "Montpellier"]
[Date "2009.??.??"]
[Round "9"]
[White "Mazet, Julien"]
[Black "Bergez, Luc"]
[Result "0-1"]
[WhiteElo "2231"]
[BlackElo "2382"]
[PlyCount "50"]
[EventDate "2009.12.26"]
[EventType "swiss"]
[EventRounds "9"]
[EventCountry "FRA"]
[SourceTitle "CBM 134 Extra"]
[Source "ChessBase"]
[SourceDate "2010.03.03"]
[SourceVersion "1"]
[SourceVersionDate "2010.03.03"]
[SourceQuality "1"]

1. d4 Nf6 2. c4 g6 3. Nc3 Bg7 4. e4 0-0 5. f3 d6 6. Be3 e5 7. d5 Nh5 8. Qd2 Qh4+ 9. Bf2 Qe7 10. 0-0-0 f5 11. exf5 gxf5 12. Bd3 Nd7 13. g4 fxg4 14. fxg4 Nf4 15. Bf5 Nb6 16. Bxc8 Nxc4 17. Be6+ Nxe6 18. Qe2 Qg5+ 19. Kb1 Qg6+ 20. Ka1 Nd4 21. Bxd4 exd4 22. Qxc4 dxc3 23. bxc3 Qc2 24. Ne2 Rf2 25. Rhe1 Rxe2 0-1

[Event "Montpellier op 4th"]
[Site "Montpellier"]
[Date "2009.??.??"]
[Round "2"]
[White "Ringuet, Noe"]
[Black "Mazet, Julien"]
[Result "1-0"]
[WhiteElo "1904"]
[BlackElo "2231"]
[PlyCount "43"]
[EventDate "2009.12.26"]
[EventType "swiss"]
[EventRounds "9"]
[EventCountry "FRA"]
[SourceTitle "CBM 134 Extra"]
[Source "ChessBase"]
[SourceDate "2010.03.03"]
[SourceVersion "1"]
[SourceVersionDate "2010.03.03"]
[SourceQuality "1"]

1. b3 d5 2. Nf3 Nf6 3. Bb2 g6 4. e3 Bg7 5. c4 c6 6. Qc2 0-0 7. Be2 Na6 8. a3 Bf5 9. d3 dxc4 10. Qxc4 c5 11. 0-0 Qd6 12. Rd1 Rfd8 13. Ra2 Rac8 14. Be5 Qd7 15. Rad2 Be6 16. Qc2 Nb8 17. Qb2 Nc6 18. d4 cxd4 19. Nxd4 Bd5 20. Nxc6 Qxc6 21. Bc4 Ne4 22. Bxd5 1-0

[Event "Figueres op 08th"]
[Site "Figueres"]
[Date "2007.08.12"]
[Round "6"]
[White "Mazet, Julien"]
[Black "Evdokimov, Alexander A"]
[Result "0-1"]
[WhiteElo "2268"]
[BlackElo "2544"]
[PlyCount "160"]
[EventDate "2007.08.08"]
[EventType "swiss"]
[EventRounds "9"]
[EventCountry "ESP"]
[SourceTitle "CBM 120 Extra"]
[Source "ChessBase"]
[SourceDate "2007.11.01"]
[SourceVersion "1"]
[SourceVersionDate "2007.11.01"]
[SourceQuality "1"]

1. d4 Nf6 2. Nf3 c5 3. d5 g6 4. Nc3 Bg7 5. e4 0-0 6. h3 d6 7. Be3 b5 8. e5 dxe5 9. Bxb5 e4 10. Ne5 Bb7 11. Nc6 Qc7 12. Bxc5 Nxc6 13. dxc6 Bxc6 14. Bxc6 Qxc6 15. Bxe7 Rfe8 16. Qd6 Rac8 17. Qxc6 Rxc6 18. Bxf6 Bxf6 19. 0-0-0 Rb8 20. Rd5 Rcb6 21. Nxe4 Bxb2+ 22. Kd2 Ra6 23. Rd1 Rxa2 24. Ke2 Rb4 25. Rd8+ Kg7 26. Nd6 Be5 27. Rc8 Rbb2 28. Ne8+ Kh6 29. Kd3 Ra3+ 30. Ke4 Bc3 31. g4 Rb4+ 32. Kf3 Be5+ 33. Kg2 Rf4 34. Re1 Bd4 35. Re2 Raf3 36. Nd6 Rxf2+ 37. Rxf2 Rxf2+ 38. Kg3 Rf1 39. Ne4 Be5+ 40. Kg2 Rf4 41. Nf2 Bd4 42. Nd3 Re4 43. Rc4 f5 44. gxf5 gxf5 45. Kf3 Kg5 46. Rc7 h5 47. Rc4 h4 48. Rc8 Re3+ 49. Kg2 Re2+ 50. Kh1 Re7 51. Rg8+ Kf6 52. Rh8 Re4 53. Rf8+ Ke6 54. Kg2 Bb6 55. Rh8 Rc4 56. Kf3 Bc7 57. Rh6+ Ke7 58. Ra6 Bb6 59. Ra2 Kd6 60. Rb2 Ke6 61. Nf4+ Kf7 62. Rb5 Rc5 63. Rb2 Rc3+ 64. Nd3 Kf6 65. Ra2 Rc4 66. Rb2 Kg5 67. Ra2 Re4 68. Rb2 Re3+ 69. Kg2 Rg3+ 70. Kh2 Bg1+ 71. Kh1 Bd4 72. Rb4 Rxh3+ 73. Kg2 Rg3+ 74. Kh2 Bg1+ 75. Kh1 Bb6 76. Ne5 Rc3 77. Nf7+ Kf6 78. Nd6 Bc5 79. Ne8+ Kf7 80. Rb8 Be7 0-1

[Event "Figueres op 08th"]
[Site "Figueres"]
[Date "2007.08.09"]
[Round "2"]
[White "Granados Gomez, Manuel"]
[Black "Mazet, Julien"]
[Result "1-0"]
[WhiteElo "2417"]
[BlackElo "2268"]
[PlyCount "73"]
[EventDate "2007.08.08"]
[EventType "swiss"]
[EventRounds "9"]
[EventCountry "ESP"]
[SourceTitle "CBM 120 Extra"]
[Source "ChessBase"]
[SourceDate "2007.11.01"]
[SourceVersion "1"]
[SourceVersionDate "2007.11.01"]
[SourceQuality "1"]

1. d4 Nf6 2. Nf3 g6 3. c3 Bg7 4. Bg5 0-0 5. Nbd2 d5 6. e3 b6 7. Be2 Bb7 8. h3 Nbd7 9. 0-0 Ne4 10. Nxe4 dxe4 11. Nd2 h6 12. Bh4 Qe8 13. a4 e5 14. Nc4 a5 15. g4 Qe6 16. Na3 Rfc8 17. Bc4 Bd5 18. Qb3 Bxc4 19. Qxc4 Qxc4 20. Nxc4 exd4 21. exd4 c5 22. d5 Ne5 23. Nxe5 Bxe5 24. f4 exf3 25. Rxf3 Re8 26. Rd1 g5 27. Bg3 Bxg3 28. Rxg3 Re4 29. Rf3 Kg7 30. Rdf1 Ra7 31. Rf6 Rb7 32. Rc6 Rxa4 33. d6 Re4 34. Rd1 Re8 35. Kf2 Rd8 36. Ke3 Kf6 37. Ke4 1-0

[Event "Arco op 27th"]
[Site "Arco"]
[Date "2005.10.28"]
[Round "7"]
[White "Mukic, Josko"]
[Black "Mazet, Julien"]
[Result "1/2-1/2"]
[WhiteElo "2328"]
[BlackElo "2250"]
[PlyCount "89"]
[EventDate "2005.10.22"]
[EventType "swiss"]
[EventRounds "9"]
[EventCountry "ITA"]
[SourceTitle "EXT 2006"]
[Source "ChessBase"]
[SourceDate "2005.11.24"]
[SourceVersion "1"]
[SourceVersionDate "2005.11.24"]
[SourceQuality "1"]

1. f4 d5 2. b3 Nf6 3. e3 d4 4. Nf3 dxe3 5. Bb2 e6 6. Bc4 Bc5 7. Qe2 0-0 8. dxe3 Nd5 9. Bxd5 exd5 10. Nc3 c6 11. 0-0-0 Qe7 12. e4 dxe4 13. Nxe4 Ba3 14. Rhe1 Bxb2+ 15. Kxb2 Nd7 16. Nd6 Qf6+ 17. Kb1 Nb6 18. Qe5 Qxe5 19. Nxe5 Nd5 20. Rd4 f6 21. Nf3 Rd8 22. Nxc8 Raxc8 23. Kb2 Re8 24. Rde4 Kf7 25. g3 Rxe4 26. Rxe4 Re8 27. Rxe8 Kxe8 28. c4 Ne7 29. Kc3 Kd7 30. b4 Nf5 31. g4 Ne3 32. h3 b6 33. Kd3 Nd1 34. Kd4 Nf2 35. Ng1 g6 36. f5 g5 37. a4 Kd6 38. c5+ bxc5+ 39. bxc5+ Kc7 40. Ne2 Kd7 41. Nc3 Nxh3 42. Ne4 Ke7 43. Kc4 a5 44. Kd4 Nf4 45. Ng3 1/2-1/2

[Event "Arco op 27th"]
[Site "Arco"]
[Date "2005.10.26"]
[Round "5"]
[White "Stubberud, Ornulf A"]
[Black "Mazet, Julien"]
[Result "0-1"]
[WhiteElo "2095"]
[BlackElo "2250"]
[PlyCount "54"]
[EventDate "2005.10.22"]
[EventType "swiss"]
[EventRounds "9"]
[EventCountry "ITA"]
[SourceTitle "EXT 2006"]
[Source "ChessBase"]
[SourceDate "2005.11.24"]
[SourceVersion "1"]
[SourceVersionDate "2005.11.24"]
[SourceQuality "1"]

1. c4 e6 2. Nf3 d5 3. b3 Nf6 4. Bb2 Be7 5. d4 0-0 6. e3 a5 7. Nbd2 a4 8. Bd3 c5 9. Rc1 cxd4 10. exd4 Nc6 11. 0-0 axb3 12. axb3 Nb4 13. Bb1 Na2 14. Rc2 Nb4 15. Rc1 Bd7 16. Ne5 dxc4 17. Ndxc4 Bc6 18. Rc3 Be4 19. Rh3 Nbd5 20. f4 b5 21. Nd2 Bxb1 22. Qxb1 Ba3 23. Ba1 Bb4 24. Qd3 Rxa1 25. Rxa1 Nxf4 26. Qe3 Nxh3+ 27. gxh3 Nd5 0-1

[Event "Arco op 27th"]
[Site "Arco"]
[Date "2005.10.25"]
[Round "4"]
[White "Mazet, Julien"]
[Black "Ivanov, Mikhail M"]
[Result "0-1"]
[WhiteElo "2250"]
[BlackElo "2457"]
[PlyCount "80"]
[EventDate "2005.10.22"]
[EventType "swiss"]
[EventRounds "9"]
[EventCountry "ITA"]
[SourceTitle "EXT 2006"]
[Source "ChessBase"]
[SourceDate "2005.11.24"]
[SourceVersion "1"]
[SourceVersionDate "2005.11.24"]
[SourceQuality "1"]

1. d4 Nf6 2. Nf3 g6 3. c4 Bg7 4. Nc3 d6 5. Bg5 h6 6. Bh4 g5 7. Bg3 Nh5 8. e3 c5 9. d5 Qa5 10. Qb3 Nd7 11. Be2 a6 12. Nd2 Nxg3 13. hxg3 Rb8 14. 0-0 Ne5 15. Qc2 g4 16. a3 h5 17. Rab1 Bd7 18. Rfc1 Qc7 19. b4 f5 20. Bd3 Qc8 21. Ne2 Kf7 22. bxc5 dxc5 23. Nf4 h4 24. gxh4 Rxh4 25. Nf1 b5 26. Ng3 Nxd3 27. Qxd3 Rb6 28. Ne6 Rxe6 29. dxe6+ Bxe6 30. cxb5 c4 31. bxa6 Qxa6 32. Qc2 Be5 33. Rb4 Qxa3 34. Rxc4 Bxg3 35. fxg3 Qxe3+ 36. Qf2 Rh1+ 37. Kxh1 Qxf2 38. R4c3 Qd4 39. R3c2 Bd5 40. Rf1 e6 0-1

[Event "Arco op 27th"]
[Site "Arco"]
[Date "2005.10.24"]
[Round "3"]
[White "Bogdanov, Valentin"]
[Black "Mazet, Julien"]
[Result "1/2-1/2"]
[WhiteElo "2399"]
[BlackElo "2250"]
[PlyCount "97"]
[EventDate "2005.10.22"]
[EventType "swiss"]
[EventRounds "9"]
[EventCountry "ITA"]
[SourceTitle "EXT 2006"]
[Source "ChessBase"]
[SourceDate "2005.11.24"]
[SourceVersion "1"]
[SourceVersionDate "2005.11.24"]
[SourceQuality "1"]

1. d4 Nf6 2. Nf3 g6 3. c4 Bg7 4. Nc3 d5 5. cxd5 Nxd5 6. Bg5 Nxc3 7. bxc3 c5 8. e3 Qa5 9. Qb3 cxd4 10. Qb5+ Qxb5 11. Bxb5+ Bd7 12. Bxd7+ Kxd7 13. cxd4 Nc6 14. Rb1 Na5 15. Kd2 Rhc8 16. Rhc1 b6 17. Kd3 e6 18. e4 Rxc1 19. Rxc1 Rc8 20. Rxc8 Kxc8 21. Bd2 Nc6 22. Bc3 Nd8 23. Nd2 Nb7 24. g4 Kd7 25. a4 Bh6 26. Nb3 Bf4 27. h3 Bc7 28. Bb4 Nd8 29. Kc4 Nc6 30. Bc3 a6 31. Nc1 Nd8 32. Nd3 Nb7 33. Bb4 Nd6+ 34. Bxd6 Bxd6 35. d5 exd5+ 36. Kxd5 b5 37. axb5 axb5 38. f4 Ba3 39. Ne5+ Ke8 40. Nc6 Bc1 41. f5 gxf5 42. gxf5 Be3 43. Nd4 b4 44. Nb3 Kd7 45. e5 Bf2 46. Kc4 Kc6 47. Nd4+ Kc7 48. Kd5 Kd7 49. Nb3 1/2-1/2

[Event "Arco op 27th"]
[Site "Arco"]
[Date "2005.10.22"]
[Round "1"]
[White "Bozzao, Francesco"]
[Black "Mazet, Julien"]
[Result "0-1"]
[WhiteElo "1941"]
[BlackElo "2250"]
[PlyCount "80"]
[EventDate "2005.10.22"]
[EventType "swiss"]
[EventRounds "9"]
[EventCountry "ITA"]
[SourceTitle "EXT 2006"]
[Source "ChessBase"]
[SourceDate "2005.11.24"]
[SourceVersion "1"]
[SourceVersionDate "2005.11.24"]
[SourceQuality "1"]

1. d4 Nf6 2. c4 g6 3. Nc3 d5 4. cxd5 Nxd5 5. e4 Nxc3 6. bxc3 Bg7 7. Bc4 0-0 8. Be3 Nc6 9. Ne2 b6 10. 0-0 Bb7 11. f3 Na5 12. Bd3 Qd6 13. Qd2 c5 14. Rac1 Rfd8 15. Rfd1 e6 16. Bg5 Rd7 17. e5 Qf8 18. Qe3 Bd5 19. Bb5 Rc7 20. c4 cxd4 21. Qxd4 Bc6 22. Qd6 Rac8 23. Bd8 Rd7 24. Qxf8+ Bxf8 25. Rxd7 Bxd7 26. Bf6 Bxb5 27. cxb5 Rxc1+ 28. Nxc1 Nc4 29. g3 Na3 30. Bd8 Nxb5 31. a4 Nd4 32. Nd3 Nxf3+ 33. Kg2 Nd4 34. Bc7 Nc6 35. Nf2 Bc5 36. Ne4 Be7 37. Nd6 Nxe5 38. Nc8 Nc6 39. Bxb6 axb6 40. Nxb6 Kf8 0-1

[Event "Evry op"]
[Site "Evry"]
[Date "2005.02.27"]
[Round "9"]
[White "Justo, Damian"]
[Black "Mazet, Julien"]
[Result "1-0"]
[WhiteElo "2306"]
[BlackElo "2213"]
[PlyCount "117"]
[EventDate "2005.03.12"]
[EventType "swiss"]
[EventRounds "9"]
[EventCountry "FRA"]
[SourceTitle "EXT 2006"]
[Source "ChessBase"]
[SourceDate "2005.11.24"]
[SourceVersion "1"]
[SourceVersionDate "2005.11.24"]
[SourceQuality "1"]

1. d4 Nf6 2. Nf3 g6 3. Nc3 d5 4. Bf4 Bg7 5. e3 0-0 6. Be2 Bf5 7. Ne5 Ne4 8. Nxe4 dxe4 9. Bc4 c5 10. c3 Nc6 11. Qb3 Nxe5 12. dxe5 Qc8 13. Bd5 Be6 14. 0-0-0 Rd8 15. Bxe6 Qxe6 16. Qxe6 fxe6 17. Rxd8+ Rxd8 18. Rd1 Rxd1+ 19. Kxd1 c4 20. Kc2 Kf7 21. b3 g5 22. Bg3 Ke8 23. bxc4 Kd7 24. f3 Kc6 25. f4 h6 26. Bf2 Kc5 27. Kb3 g4 28. Be1 a5 29. a4 h5 30. g3 Bh6 31. Bd2 b6 32. Bc1 Bf8 33. Bb2 Kc6 34. Ba3 Bg7 35. Bxe7 Bh6 36. c5 b5 37. axb5+ Kxb5 38. c4+ Kc6 39. Ka4 Kd7 40. Kxa5 Kxe7 41. Kb6 Bxf4 42. gxf4 h4 43. c6 g3 44. hxg3 hxg3 45. c7 g2 46. c8Q g1Q 47. Qb7+ Kf8 48. Qa8+ Ke7 49. Qb7+ Kf8 50. Qxe4 Qe1 51. c5 Qc3 52. Qd4 Qb3+ 53. Kc7 Qa2 54. c6 Qa5+ 55. Kd7 Kf7 56. f5 Qa2 57. c7 exf5 58. c8Q Qe6+ 59. Kc7 1-0